| 000 | 00663nam a2200217Ia 4500 | ||
|---|---|---|---|
| 999 |
_c49500 _d49500 |
||
| 001 | 16427 | ||
| 003 | GE_BSU | ||
| 005 | 20200204133810.0 | ||
| 008 | 181216s2008en xx |||||||||||||| ||eng|| | ||
| 020 | _a9780194522007 | ||
| 040 | _cGE_BSU | ||
| 080 | _a811.111(075.8) H-17 | ||
| 100 |
_aHaines, Simon. _91635 |
||
| 245 |
_aFirst Certificate Masterclass : _bStudent's Book / _c Simon Haines ; Barbara Stewart. |
||
| 264 |
_aOXFORD : _buniversity press ; _c2008. |
||
| 300 |
_a191 p ; _bill .; _c27 cm. |
||
| 653 | _aFirst Certificate Masterclass | ||
| 653 | _aინგლისური ენა | ||
| 700 |
_aStewart, Barbara _96710 |
||
| 942 |
_cBK _2udc |
||